| 000 | 00352 a2200109 4500 | ||
|---|---|---|---|
| 001 | ART_18717 | ||
| 005 | 20260410161919.0 | ||
| 008 | 260409a | ||
| 245 | 1 | 0 | _aLa situación laboral y previsional de los administradores y socios |
| 100 | 1 | _aRubio, Valentín | |
| 773 | 0 |
_tLa información _g- Tomo XXXV, Nº 565 (ene. 1977) _wREV14902 |
|
| 999 |
_c27576 _d27576 |
||